书目信息 |
| 题名: |
我叫阿拉木
|
|
| 作者: | 萨洛扬 , Saroyan 著 ;吕叔湘 译注 | |
| 分册: | ||
| 出版信息: | 长沙 湖南人民出版社 1981 |
|
| 页数: | 166页 | |
| 开本: | 19cm | |
| 丛书名: | ||
| 单 册: | ||
| 中图分类: | H319.4 , H31 | |
| 科图分类: | ||
| 主题词: | 英语--对照读物--英、中 | |
| 电子资源: | ||
| ISBN: | ||
| 000 | 00712nam0 2200253 45 | |
| 001 | 1535461398 | |
| 005 | 20150128100629.60 | |
| 010 | @dCNY0.43 | |
| 091 | @aCN@b7109.1338 | |
| 100 | @a19950413d1981 demy0chiy0121 ea | |
| 101 | 2 | @achi@aeng |
| 102 | @aCN@b430000 | |
| 105 | @af z 000yy | |
| 200 | 10 | @a我叫阿拉木@Awo jiao a la mu@e英汉对照@f(美)萨洛扬(Saroyan,W.)著@g吕叔湘译注 |
| 210 | @a长沙@c湖南人民出版社@d1981 | |
| 215 | @a166页@c插图@d19cm | |
| 606 | @a英语@x对照读物@x英、中 | |
| 690 | @aH319.4@v3 | |
| 690 | @aH31@v4 | |
| 701 | 1 | @a萨洛扬@Asa luo yang@bW.@4著 |
| 701 | A1 | @aSaroyan@bW.@4著 |
| 702 | 0 | @a吕叔湘@Alu shu xiang@4译注 |
| 801 | 0 | @aCN@bTSSF@c20150128 |
| 905 | @aZUCC@dH31@eJY116 | |
| 我叫阿拉木:英汉对照/(美)萨洛扬(Saroyan,W.)著/吕叔湘译注.-长沙:湖南人民出版社,1981 |
| 166页:插图;19cm |
| ISBN :CNY0.43 |
| ● |
| 相关链接 |
|
|
|
|
正题名:我叫阿拉木
索取号:H31/JY116
 
预约/预借
| 序号 | 登录号 | 条形码 | 馆藏地/架位号 | 状态 | 备注 |
| 1 | 7836150 | 278361504 | 学院路分馆/ [索取号:H31/JY116] | 在馆 | |
| 2 | 7844233 | 278442339 | 学院路分馆/ [索取号:H31/JY116] | 在馆 |